| 000 | 01697njm a2200409 c 4500 | ||
|---|---|---|---|
| 003 | BLK | ||
| 005 | 20250321161729.0 | ||
| 008 | 180410b bul||n||s|||||||| n|bulo| | ||
| 010 | _aCDD00000611000 | ||
| 040 | _aBLK | ||
| 041 |
_aDEU _cDEU |
||
| 080 |
_aОпера. Музикална драма. Романтична опера. Опера-приказка _b782.1 _x _z782.1 |
||
| 100 | 1 |
_aЩраус, Рихард _d1864 - 1949 _9144682 |
|
| 700 | 1 |
_aStrauss, Richard _925540 |
|
| 700 | 1 |
_aKonzertvereinigung Wiener Staatsopernchor _eизп. _915643 |
|
| 700 | 1 |
_aWiener Philarmoniker _eизп. _9387498 |
|
| 700 | 1 |
_aCrespin, Regine _eсопран _97747 |
|
| 700 | 1 |
_aJungwirth, Manfred _eбас _914357 |
|
| 700 |
_aDonath, Helen _gсопран _9353608 |
||
| 700 | 1 |
_aMinton, Yvonne _eсопран _918813 |
|
| 700 | 1 |
_aSolti, Georg _eдиригент _924771 |
|
| 139 |
_aЩраус, Рихард _bЩ 54 |
||
| 245 | 1 | 0 |
_aDer Rosenkavalier [CD аудио] _bCD 1-3 _cРихард Щраус; * Richard Strauss; изп. Konzertvereinigung Wiener Staatsopernchor; изп. Wiener Philarmoniker; сопран Regine Crespin; бас Manfred Jungwirth; сопран Helen Donath; сопран Yvonne Minton; диригент Georg Solti. _nCD 2 |
| 257 | _aDEU | ||
| 260 |
_аS. l. _bDECCA _c2008 |
||
| 300 |
_c12 cm. _fбр. в к-т _g1 CD |
||
| 380 | _a7 | ||
| 650 | 4 |
_aОпери _9165041 |
|
| 653 | _aОпера | ||
| 760 | 1 |
_aЩраус, Рихард _h59мин. 28сек. _tCD 2 |
|
| 852 |
_aЦб CD 2076 _p0 |
||
| 856 | 4 |
_qpdf _u |
|
| 856 | 4 |
_qpdf _u |
|
| 942 |
_cCDD _n0 |
||
| 944 |
_aCR _c07.01.2009 _k30560 _lГеновева Генчева |
||
| 944 |
_aED _c07.01.2009 _k |
||
| 999 |
_c216805 _d216805 |
||